000 00856nam a2200265 i 4500
001 13678
003 ES-MaACL
005 20250830223503.0
007 t|
008 980527s1997 sp ||||1| spa d
020 _a84-87661-94-7
080 _a973"1898"
100 1 _aAllendesalazar, José Manuel
_920020
245 1 3 _aEl 98 de los americanos /
_cJosé Manuel Allendesalazar.
250 _a2ª ed.
260 _aMadrid :
_bMinisterio de Asuntos Exteriores,
_c1997.
300 _a318 p. ;
_c25 cm.
490 1 _aBiblioteca diplomática española. Estudios ;
_v16
650 4 _aGuerra hispano-americana, 1898
_913207
710 1 _aEspaña.
_bMinisterio de Asuntos Exteriores.
_93845
830 1 0 _aBiblioteca diplomática española.
_pEstudios
_v16
_9179518
852 _aES-MaACL
_jL-21024
942 _2udc
999 _c13678
_d13678